[Event "XVIII Memorial Bertolini"]
[Site "Genova ITA"]
[Date "2013.06.22"]
[Round "3"]
[White "Stromboli, Ettore"]
[Black "Di Chiara, Mauro"]
[WhiteElo "2332"]
[BlackElo "1975"]
[Result "1-0"]
[PlyCount "67"]
[EventDate "2013.06.21"]

1. e4 g6 2. d4 Bg7 3. Nc3 d6 4. h3 a6 5. Nf3 b5 6. Ne2 Bb7 7. Ng3 Nd7 8. Bd3 c5
9. c3 Ngf6 10. O-O O-O 11. Be3 cxd4 12. cxd4 Rc8 13. Qd2 Nb6 14. b3 Qc7 15.
Rac1 Qb8 16. Bh6 Qa8 17. d5 e6 18. Bxg7 Kxg7 19. Nd4 Nbxd5 20. exd5 Bxd5 21. f3
Qa7 22. Qf2 Qb7 23. Kh1 Nd7 24. Be4 Nc5 25. Bxd5 Qxd5 26. Rcd1 Qb7 27. Qe3 Rfd8
28. Qg5 Kh8 29. Ne4 Nxe4 30. fxe4 Rd7 31. Nf3 Rc5 32. Qh6 Qc8 33. Ng5 Qg8 34.
Rxd6 1-0

[Event "XVIII Memorial Bertolini"]
[Site "Genova ITA"]
[Date "2013.06.22"]
[Round "3"]
[White "Traverso, Massimiliano"]
[Black "Pugliese, Giuseppe"]
[WhiteElo "1933"]
[BlackElo "1757"]
[Result "0-1"]
[PlyCount "54"]
[EventDate "2013.06.21"]

1. e4 c5 2. Nf3 Nc6 3. d4 cxd4 4. Nxd4 Qc7 5. Nc3 e6 6. Be3 a6 7. Qd2 Nf6 8.
O-O-O Be7 9. Be2 d6 10. f4 Bd7 11. Nb3 Rc8 12. g4 O-O 13. g5 Ne8 14. Rhg1 g6
15. h4 b5 16. Bf3 Na5 17. Nxa5 Qxa5 18. Kb1 b4 19. Ne2 Nc7 20. h5 Nb5 21. Ka1
Rc7 22. Rh1 Rfc8 23. Nc1 Nc3 24. Qh2 Nxa2 25. Nxa2 Rxc2 26. hxg6 Rxh2 27. gxh7+
Rxh7 0-1

[Event "XVIII Memorial Bertolini"]
[Site "Genova ITA"]
[Date "2013.06.23"]
[Round "4"]
[White "Altieri, Danilo Mario"]
[Black "Gandolfi, Gianfranco"]
[WhiteElo "1983"]
[BlackElo "1820"]
[Result "1-0"]
[PlyCount "59"]
[EventDate "2013.06.21"]

1. c4 e6 2. g3 Nf6 3. Bg2 d5 4. cxd5 exd5 5. d4 Bb4+ 6. Bd2 Bxd2+ 7. Nxd2 c6 8.
Qc2 O-O 9. Ngf3 h6 10. O-O Be6 11. b4 Nbd7 12. a4 a5 13. Rfb1 axb4 14. Rxb4 Ra7
15. Rab1 Qc7 16. Nb3 Ne4 17. Nfd2 Nd6 18. Nc5 Nxc5 19. Qxc5 Rfa8 20. e4 Rxa4
21. exd5 Rxb4 22. Rxb4 Ra1+ 23. Rb1 Rxb1+ 24. Nxb1 Bf5 25. Nc3 Bd7 26. dxc6
bxc6 27. Nd5 Qb8 28. Nb6 Bf5 29. Bxc6 Qc7 30. Bb7 1-0

[Event "XVIII Memorial Bertolini"]
[Site "Genova ITA"]
[Date "2013.06.23"]
[Round "4"]
[White "Brun, Dario"]
[Black "Stromboli, Ettore"]
[WhiteElo "2241"]
[BlackElo "2332"]
[Result "0-1"]
[PlyCount "102"]
[EventDate "2013.06.21"]

1. d4 Nf6 2. c4 e6 3. Nc3 Bb4 4. Qc2 d6 5. Nf3 Nbd7 6. Bd2 O-O 7. a3 Bxc3 8.
Bxc3 Qe7 9. e3 e5 10. dxe5 Nxe5 11. Nxe5 dxe5 12. Be2 Rd8 13. O-O Bd7 14. Bf3
Rab8 15. Rfd1 Qe6 16. Bd5 Nxd5 17. cxd5 Qf6 18. f4 Qb6 19. fxe5 Qxe3+ 20. Kh1
Bg4 21. Rd4 Bh5 22. Re1 Qh6 23. Qf2 Qb6 24. Qh4 Bg6 25. e6 Re8 26. Qg4 Qd6 27.
Rf4 f6 28. Qf3 Bh5 29. Qf2 Qd8 30. Qd4 b6 31. b4 a6 32. g4 Bg6 33. g5 c5 34.
bxc5 bxc5 35. Qc4 fxg5 36. Rf2 h6 37. Be5 Rb6 38. d6 Kh7 39. Qd5 Rb5 40. d7 Rg8
41. Bg3 c4 42. Qxc4 Rf5 43. Rxf5 Bxf5 44. Qc5 Kg6 45. Qd6 Kh7 46. Rd1 Qa8+ 47.
Kg1 Rd8 48. Rd5 Bh3 49. Be5 Rf8 50. Qxf8 Qxf8 51. Rd1 Qf3 0-1

[Event "XVIII Memorial Bertolini"]
[Site "Genova ITA"]
[Date "2013.06.23"]
[Round "4"]
[White "Di Chiara, Mauro"]
[Black "Caridi, Nicolo'"]
[WhiteElo "1975"]
[BlackElo "1791"]
[Result "1-0"]
[PlyCount "93"]
[EventDate "2013.06.21"]

1. Nf3 Nf6 2. c4 e6 3. d4 b5 4. g3 Bb7 5. Bg2 c5 6. d5 exd5 7. Nh4 Be7 8. cxd5
d6 9. Nf5 O-O 10. O-O Re8 11. Nc3 Bf8 12. e4 Nbd7 13. Re1 a6 14. a4 Qc7 15. f4
g6 16. Nh4 Bg7 17. Be3 h5 18. h3 Kh7 19. g4 hxg4 20. hxg4 Qc8 21. Qf3 Rh8 22.
g5 Nh5 23. Nf5 Qf8 24. Nxg7 Qxg7 25. Kf2 Rae8 26. Rh1 Kg8 27. Bh3 Bc8 28. Bg4
Kf8 29. Bxh5 Rxh5 30. Rxh5 gxh5 31. Qxh5 Rxe4 32. Nxe4 Qxb2+ 33. Kg3 Qxa1 34.
Nxd6 Ke7 35. Nxc8+ Kd8 36. Nd6 Qe1+ 37. Bf2 Qc3+ 38. Qf3 Qg7 39. Qe3 Nf6 40.
Nxf7+ Qxf7 41. gxf6 Qxf6 42. Qe5 Qf8 43. Qb8+ Ke7 44. d6+ Kf7 45. Qxf8+ Kxf8
46. f5 Ke8 47. Kf4 1-0

[Event "XVIII Memorial Bertolini"]
[Site "Genova ITA"]
[Date "2013.06.23"]
[Round "4"]
[White "Gioseffi, Massimiliano"]
[Black "Ljubisavljevic, Zivojin Z."]
[WhiteElo "2187"]
[BlackElo "2215"]
[Result "0-1"]
[PlyCount "80"]
[EventDate "2013.06.21"]

1. d4 d5 2. c4 e6 3. Nc3 f5 4. Nf3 c6 5. Bf4 Nf6 6. e3 Be7 7. Bd3 O-O 8. h3 Ne4
9. Qc2 Nd7 10. O-O Qe8 11. Ne5 Bf6 12. f3 Nxc3 13. Qxc3 Nxe5 14. Bxe5 Bxe5 15.
dxe5 Qe7 16. c5 Bd7 17. Qd4 g5 18. Rac1 Rf7 19. g4 Raf8 20. Kg2 Rg7 21. b4 Be8
22. a4 Bg6 23. b5 h5 24. Bb1 Qe8 25. Qb4 f4 26. Bxg6 Qxg6 27. e4 Rd7 28. Rfd1
Qh7 29. bxc6 bxc6 30. exd5 hxg4 31. hxg4 Qh4 32. Qe4 Qg3+ 33. Kf1 Rh7 34. Ke2
exd5 35. Qg6+ Kh8 36. Rf1 Rh2+ 37. Kd3 Qg2 38. Kd4 Qb2+ 39. Rc3 Rd2+ 40. Qd3
Qb4+ 0-1

[Event "XVIII Memorial Bertolini"]
[Site "Genova ITA"]
[Date "2013.06.23"]
[Round "4"]
[White "Roversi, Stefano"]
[Black "Boschi, Massimiliano"]
[WhiteElo "1791"]
[BlackElo "1953"]
[Result "1/2-1/2"]
[PlyCount "93"]
[EventDate "2013.06.21"]

1. e4 e5 2. Nf3 Nc6 3. Bb5 a6 4. Ba4 Nf6 5. O-O Nxe4 6. d4 b5 7. Bb3 d5 8. dxe5
Be6 9. a4 b4 10. a5 Nc5 11. Nbd2 g5 12. Qe2 Bg7 13. Qe3 d4 14. Qxg5 Qxg5 15.
Nxg5 Bxb3 16. Nxb3 Nxb3 17. cxb3 Bxe5 18. Re1 Kf8 19. f4 Bd6 20. Bd2 Re8 21.
Ne4 Ke7 22. Rac1 Nb8 23. Nxd6+ Kxd6 24. Bxb4+ Kd7 25. Rxe8 Rxe8 26. Re1 Rxe1+
27. Bxe1 Kd6 28. Kf2 Kd5 29. Ke2 Ke4 30. f5 Nc6 31. f6 Nd8 32. b4 c6 33. g4 Ne6
34. Bd2 d3+ 35. Kf2 Nd4 36. h3 Nf3 37. Bh6 Ne5 38. Bd2 Nc4 39. Bc3 Kf4 40. b3
Nd6 41. Bd2+ Ke4 42. h4 Kd4 43. Kf3 Ne4 44. Be3+ Ke5 45. Bf4+ Kd4 46. Be3+ Ke5
47. Bf4+ 1/2-1/2

[Event "XVIII Memorial Bertolini"]
[Site "Genova ITA"]
[Date "2013.06.23"]
[Round "4"]
[White "Simoncini, Francesco"]
[Black "Biancotti, Alessandro"]
[WhiteElo "2020"]
[BlackElo "1868"]
[Result "1-0"]
[PlyCount "69"]
[EventDate "2013.06.21"]

1. e4 c5 2. d4 cxd4 3. c3 dxc3 4. Nxc3 Nc6 5. Nf3 e6 6. Bc4 Bb4 7. Qc2 Nge7 8.
O-O Ng6 9. Bg5 Be7 10. Be3 O-O 11. Nb5 a6 12. Nbd4 d5 13. Bb3 Nb4 14. Qb1 e5
15. Nf5 d4 16. Nxe7+ Qxe7 17. Bg5 Qd6 18. a3 Nc6 19. h4 h6 20. h5 hxg5 21. hxg6
Qxg6 22. Qc1 g4 23. Ng5 Bd7 24. g3 Kh8 25. Kg2 Be6 26. Rh1+ Kg8 27. Rh4 Rfe8
28. Qh1 Kf8 29. Bxe6 fxe6 30. Rxg4 Ke7 31. Qh4 Rh8 32. Nh7+ Kf7 33. Rxg6 Kxg6
34. Rh1 Kf7 35. Qg4 1-0

[Event "XVIII Memorial Bertolini"]
[Site "Genova ITA"]
[Date "2013.06.23"]
[Round "4"]
[White "Stromboli, Carlo"]
[Black "Sanchez, Joseph"]
[WhiteElo "2310"]
[BlackElo "2531"]
[Result "0-1"]
[PlyCount "46"]
[EventDate "2013.06.21"]

1. e4 d5 2. exd5 Qxd5 3. Nc3 Qa5 4. d4 Nf6 5. Bc4 c6 6. Nge2 Bf5 7. O-O e6 8.
Re1 Be7 9. Ng3 Bg6 10. Bb3 O-O 11. Nge2 Rd8 12. Bd2 Qb6 13. Nf4 Qxd4 14. Rxe6
Qxf4 15. Bxf4 Rxd1+ 16. Rxd1 fxe6 17. Bxe6+ Kf8 18. Bc8 Nbd7 19. Bxb7 Rd8 20.
Bc7 Re8 21. Bxc6 Rc8 22. Bxd7 Rxc7 23. Ba4 Rc4 0-1

[Event "XVIII Memorial Bertolini"]
[Site "Genova ITA"]
[Date "2013.06.23"]
[Round "5"]
[White "Altieri, Danilo Mario"]
[Black "Saffioti, Massimo"]
[WhiteElo "1983"]
[BlackElo "1896"]
[Result "1/2-1/2"]
[PlyCount "43"]
[EventDate "2013.06.21"]

1. c4 e6 2. g3 d5 3. Bg2 Nf6 4. cxd5 exd5 5. d4 Bf5 6. Qb3 Nc6 7. e3 Nb4 8. Na3
a5 9. Bf1 c6 10. Nf3 Be4 11. Be2 Bd6 12. O-O Qd7 13. Ng5 Bg6 14. f4 h6 15. Nf3
Qh3 16. Ne5 Be4 17. Rf2 Bxe5 18. fxe5 Ng4 19. Bxg4 Qxg4 20. Rf4 Qe2 21. Rf2
Qe1+ 22. Rf1 1/2-1/2

[Event "XVIII Memorial Bertolini"]
[Site "Genova ITA"]
[Date "2013.06.23"]
[Round "5"]
[White "Astengo, Marcello"]
[Black "Di Chiara, Mauro"]
[WhiteElo "2093"]
[BlackElo "1975"]
[Result "1/2-1/2"]
[PlyCount "66"]
[EventDate "2013.06.21"]

1. d4 g6 2. c4 Bg7 3. Nf3 d6 4. e4 Nf6 5. Nc3 O-O 6. Be2 e5 7. dxe5 dxe5 8.
Qxd8 Rxd8 9. Bg5 c6 10. O-O Bg4 11. Rad1 Na6 12. a3 Bxf3 13. Bxf3 Nc5 14. Be3
Bf8 15. b4 Ne6 16. Rxd8 Rxd8 17. Rd1 Rxd1+ 18. Bxd1 Nd4 19. f3 a5 20. c5 axb4
21. axb4 Nd7 22. f4 Ne6 23. f5 Nd4 24. Bg4 Nf6 25. Bh3 Nc2 26. Bg5 Kg7 27. fxg6
hxg6 28. Bc8 Nxb4 29. Bxf6+ Kxf6 30. Na4 Nd3 31. Bxb7 Nb4 32. Kf2 Nd3+ 33. Ke2
Nxc5 1/2-1/2

[Event "XVIII Memorial Bertolini"]
[Site "Genova ITA"]
[Date "2013.06.23"]
[Round "5"]
[White "Boschi, Massimiliano"]
[Black "Mangili, Davide"]
[WhiteElo "1953"]
[BlackElo "1858"]
[Result "0-1"]
[PlyCount "50"]
[EventDate "2013.06.21"]

1. e3 Nf6 2. Nf3 d6 3. d4 g6 4. Bd3 Bg7 5. O-O O-O 6. Nbd2 Bg4 7. h3 Bxf3 8.
Nxf3 Nbd7 9. e4 e5 10. c3 Re8 11. Re1 Rc8 12. Bg5 h6 13. Bh4 c6 14. Qa4 Qb6 15.
Rab1 Nh5 16. g4 Nf4 17. Bf1 g5 18. Bg3 Nf8 19. Bxf4 exf4 20. e5 dxe5 21. Nxe5
Bxe5 22. dxe5 Qc5 23. Qe4 Ng6 24. Bc4 Nxe5 25. Qf5 Nf3+ 0-1

[Event "XVIII Memorial Bertolini"]
[Site "Genova ITA"]
[Date "2013.06.23"]
[Round "5"]
[White "Mortola, Alberto"]
[Black "Simoncini, Francesco"]
[WhiteElo "1933"]
[BlackElo "2020"]
[Result "0-1"]
[PlyCount "62"]
[EventDate "2013.06.21"]

1. e4 c5 2. c3 e6 3. d4 d5 4. e5 Nc6 5. Nf3 Bd7 6. Be2 f6 7. O-O fxe5 8. Nxe5
Nxe5 9. dxe5 Qc7 10. f4 O-O-O 11. a4 Nh6 12. Na3 a6 13. b4 Nf7 14. Be3 g5 15.
fxg5 Nxe5 16. Bf4 Bd6 17. bxc5 Qxc5+ 18. Kh1 Ng6 19. Bxd6 Qxd6 20. c4 h6 21.
cxd5 hxg5 22. h3 exd5 23. Nc4 Qc5 24. Nd2 Kb8 25. Rc1 Qe7 26. Bg4 Rh4 27. Bxd7
Qxd7 28. Nf3 Rh5 29. Nd4 Rxh3+ 30. gxh3 Qxh3+ 31. Kg1 Qg3+ 0-1

[Event "XVIII Memorial Bertolini"]
[Site "Genova ITA"]
[Date "2013.06.23"]
[Round "5"]
[White "Pino, Gianfranco"]
[Black "Roversi, Stefano"]
[WhiteElo "1909"]
[BlackElo "1791"]
[Result "1-0"]
[PlyCount "39"]
[EventDate "2013.06.21"]

1. d4 Nf6 2. c4 g6 3. Nc3 Bg7 4. e4 d6 5. Be2 O-O 6. Nf3 Nbd7 7. O-O e5 8. Re1
exd4 9. Nxd4 Nc5 10. Bf1 Ng4 11. f3 Nxh2 12. Kxh2 Qh4+ 13. Kg1 Be5 14. f4 Bxd4+
15. Qxd4 Qxe1 16. Nd5 f6 17. Nxf6+ Rxf6 18. Qxf6 Bg4 19. f5 Rf8 20. Qxf8+ 1-0

[Event "XVIII Memorial Bertolini"]
[Site "Genova ITA"]
[Date "2013.06.23"]
[Round "5"]
[White "Sanchez, Joseph"]
[Black "Stromboli, Ettore"]
[WhiteElo "2531"]
[BlackElo "2332"]
[Result "1-0"]
[PlyCount "85"]
[EventDate "2013.06.21"]

1. e4 e6 2. Nc3 d5 3. d4 Bb4 4. e5 c5 5. a3 Bxc3+ 6. bxc3 Ne7 7. Qg4 Qc7 8.
Qxg7 Rg8 9. Qxh7 Nbc6 10. Ne2 cxd4 11. f4 Bd7 12. Qd3 dxc3 13. Qxc3 O-O-O 14.
Rb1 Nf5 15. Rg1 d4 16. Qd3 f6 17. exf6 e5 18. g3 Nd6 19. fxe5 Nxe5 20. Qb3 Rge8
21. Bf4 Be6 22. Qb4 Nf3+ 23. Kf2 Bd5 24. Bh3+ Kb8 25. Rgc1 Ka8 26. Bxd6 Rxd6
27. Nf4 Bc6 28. f7 Rf8 29. Be6 Nxh2 30. Re1 Nf3 31. Re2 Ng5 32. Rd1 Rh8 33.
Rxd4 Rh2+ 34. Kf1 Rh1+ 35. Kf2 Rh2+ 36. Kf1 Rh1+ 37. Kf2 Rh2+ 38. Ke3 Rxe6+ 39.
Nxe6 Qe5+ 40. Re4 Qxg3+ 41. Kd2 Nxf7 42. Qf8+ Qb8 43. Nc7# 1-0

[Event "XVIII Memorial Bertolini"]
[Site "Genova ITA"]
[Date "2013.06.23"]
[Round "5"]
[White "Stromboli, Carlo"]
[Black "Dragojlovic, Andjelko"]
[WhiteElo "2310"]
[BlackElo "2345"]
[Result "1/2-1/2"]
[PlyCount "177"]
[EventDate "2013.06.21"]

1. e4 c5 2. Nf3 g6 3. c3 Bg7 4. d4 cxd4 5. Nxd4 Nc6 6. Be3 Nf6 7. Nd2 O-O 8.
Bc4 d5 9. exd5 Nxd5 10. Bxd5 Qxd5 11. Qf3 Qxf3 12. N2xf3 Nxd4 13. Nxd4 a6 14.
O-O Rd8 15. Rfd1 Bd7 16. Nb3 Ba4 17. Bb6 Rdc8 18. Rd2 Bh6 19. Rd4 Bxb3 20. axb3
Rc6 21. Ba5 b6 22. Bb4 Ra7 23. Re1 Bg5 24. Rd8+ Kg7 25. g3 f5 26. Red1 a5 27.
Ba3 Kf7 28. Rb8 Ke6 29. Re1+ Kf7 30. Rd1 Bf6 31. Rd5 Re6 32. Kf1 Rc7 33. b4
axb4 34. Bxb4 Ra7 35. Rbd8 Ra2 36. Rd2 g5 37. b3 Ra6 38. Rd1 g4 39. R8d2 h5 40.
Kg2 Re4 41. h3 Ra8 42. hxg4 hxg4 43. Rd8 Ra2 44. R8d2 Ra8 45. Rd8 Rxd8 46. Rxd8
Re2 47. Rb8 Rb2 48. Rxb6 Rxb3 49. Rc6 Rb2 50. Rc5 Ke6 51. Rc6+ Kd7 52. Ra6 Bg5
53. Ra5 e6 54. Kf1 Bd8 55. Ra7+ Kc6 56. Ba5 Ra2 57. Bb6 Rxa7 58. Bxa7 Kd5 59.
Ke2 Kc4 60. Bd4 Bc7 61. Bf6 e5 62. Kd2 Bd6 63. Bg7 Bc7 64. Bf6 Kd5 65. Kd3 Bb6
66. Ke2 Ke4 67. Bg5 Bc5 68. Bh6 Be7 69. Bg7 Kd5 70. Kd3 e4+ 71. Ke2 Bc5 72. Bf6
Kc4 73. Be5 Bb6 74. Bf6 Kb3 75. Be5 Bc5 76. Bf6 Kc4 77. Be5 Kd5 78. Bf4 Be7 79.
Bd2 Kc4 80. Be1 Bg5 81. Bd2 Bf6 82. Be1 Be5 83. Bd2 Bd6 84. Be1 Be5 85. Bd2 Kb3
86. Be1 Bd6 87. Bd2 Be7 88. Be1 Bc5 89. Bd2 1/2-1/2

[Event "I Torneo Chiuso"]
[Site "Maranello ITA"]
[Date "2013.06.17"]
[Round "1"]
[White "Istvanovszki, Martin"]
[Black "Le Ruyet, Leopold"]
[Result "0-1"]
[WhiteElo "2350"]
[BlackElo "2269"]
[PlyCount "72"]
[EventDate "2013.06.17"]

1. e4 c5 2. Nf3 d6 3. d4 cxd4 4. Nxd4 Nf6 5. Nc3 Nc6 6. Bc4 Qb6 7. Nb3 e6 8.
Be3 Qc7 9. Be2 a6 10. f4 b5 11. Bf3 Bb7 12. O-O Be7 13. Qe1 Rd8 14. Qf2 Rd7 15.
Rad1 O-O 16. Rd2 Ba8 17. Rfd1 Rb8 18. g4 Rdd8 19. g5 Nd7 20. Qg3 Nb6 21. Rg2
Nc4 22. Bc1 a5 23. Kh1 a4 24. Nd4 Nxd4 25. Rxd4 Qc5 26. Rd1 Ne3 27. Bxe3 Qxe3
28. Re2 Qc5 29. f5 a3 30. g6 fxg6 31. fxg6 axb2 32. Qh3 h6 33. Qxe6+ Kh8 34.
Qxe7 Qxc3 35. Bg2 Qc4 36. Red2 Qxa2 0-1

[Event "I Torneo Chiuso"]
[Site "Maranello ITA"]
[Date "2013.06.17"]
[Round "1"]
[White "Sochacki, Wojtek"]
[Black "Lettieri, Giuseppe"]
[Result "0-1"]
[WhiteElo "2286"]
[BlackElo "2393"]
[PlyCount "56"]
[EventDate "2013.06.17"]

1. e4 c5 2. Nf3 d6 3. d4 cxd4 4. Nxd4 Nf6 5. Nc3 a6 6. Bg5 Nbd7 7. f4 Qc7 8.
Qe2 e5 9. Nf5 h6 10. Bxf6 Nxf6 11. O-O-O exf4 12. Nd5 Nxd5 13. exd5+ Kd8 14.
Qe4 Qd7 15. g4 g6 16. Nd4 Qxg4 17. Re1 Bd7 18. Nc6+ Kc7 19. Qb4 Qf3 20. Na5 b5
21. Bg2 Qxg2 22. Qc3+ Kb6 23. Qd4+ Kxa5 24. Rhg1 Qf3 25. Qxh8 Qxd5 26. Rd1 Qc5
27. Kb1 Bf5 28. Ka1 Qe5 0-1

[Event "I Torneo Chiuso"]
[Site "Maranello ITA"]
[Date "2013.06.17"]
[Round "1"]
[White "Petkov, Vladimir"]
[Black "Vijayalakshmi, Subbaraman"]
[Result "1/2-1/2"]
[WhiteElo "2545"]
[BlackElo "2378"]
[PlyCount "59"]
[EventDate "2013.06.17"]

1. d4 Nf6 2. c4 e6 3. Nf3 b6 4. Nc3 Bb7 5. a3 Ne4 6. Nxe4 Bxe4 7. Nd2 Bg6 8. g3
Nc6 9. e3 Be7 10. Bg2 O-O 11. b4 Rb8 12. Bb2 a5 13. b5 Na7 14. O-O c6 15. Qb3
cxb5 16. cxb5 d5 17. e4 dxe4 18. Nxe4 Rc8 19. Rad1 Bh5 20. d5 Bxd1 21. Rxd1
exd5 22. Rxd5 Qc7 23. Qd1 Rcd8 24. Qd4 f6 25. Ng5 Nxb5 26. Rxd8 Nxd4 27. Bd5+
Kh8 28. Nf7+ Kg8 29. Nh6+ Kh8 30. Nf7+ 1/2-1/2

[Event "I Torneo Chiuso"]
[Site "Maranello ITA"]
[Date "2013.06.17"]
[Round "1"]
[White "Sriram, Jha"]
[Black "Di Paolo, Raffaele"]
[Result "1-0"]
[WhiteElo "2417"]
[BlackElo "2289"]
[PlyCount "83"]
[EventDate "2013.06.17"]

1. Nf3 Nf6 2. g3 g6 3. b3 Bg7 4. Bb2 O-O 5. Bg2 d6 6. d4 Nbd7 7. O-O a5 8. c4
a4 9. Nbd2 c6 10. Qc2 Re8 11. e4 e5 12. dxe5 dxe5 13. b4 c5 14. a3 Bf8 15. b5
Bd6 16. Rad1 Qc7 17. Nb1 Nb6 18. Qd3 Be6 19. Qxd6 Qxd6 20. Rxd6 Nxc4 21. Rd2
Nxe4 22. Re2 Nxb2 23. Rxb2 Bd5 24. Ng5 Nf6 25. Nc3 Bxg2 26. Kxg2 Red8 27. Re1
Nd5 28. Nxd5 Rxd5 29. Ne4 Kg7 30. Rd2 Rd4 31. Rxd4 cxd4 32. Nd6 f6 33. Rc1 f5
34. Rc8 Rxc8 35. Nxc8 Kf6 36. Nb6 Ke6 37. Kf3 e4+ 38. Ke2 g5 39. f3 Ke5 40.
fxe4 Kxe4 41. Nxa4 d3+ 42. Kd2 1-0

[Event "I Torneo Chiuso"]
[Site "Maranello ITA"]
[Date "2013.06.17"]
[Round "1"]
[White "Viviani, Alessio"]
[Black "Luciani, Valerio"]
[Result "0-1"]
[WhiteElo "2114"]
[BlackElo "2239"]
[PlyCount "100"]
[EventDate "2013.06.17"]

1. Nf3 Nf6 2. d4 e6 3. g3 b6 4. Bg2 Bb7 5. O-O Be7 6. c4 O-O 7. Nc3 d5 8. Qb3
dxc4 9. Qxc4 Nbd7 10. Rd1 Rc8 11. Qa4 a6 12. Ne5 Bxg2 13. Kxg2 Nb8 14. Qb3 Nfd7
15. Nxd7 Nxd7 16. d5 exd5 17. Nxd5 Bd6 18. Be3 Qe8 19. Qa4 Be5 20. Rac1 Nf6 21.
Qxa6 Nxd5 22. Rxd5 Bxb2 23. Rcd1 Qc6 24. Qb5 Qxb5 25. Rxb5 Bf6 26. Bf4 Bd8 27.
Rc1 c6 28. Be3 c5 29. Rc4 Ra8 30. a4 Re8 31. Kf3 Kf8 32. h4 Ra6 33. Bf4 Re6 34.
Rb3 Ke8 35. Re3 Rxe3+ 36. Bxe3 Kd7 37. h5 f5 38. g4 g6 39. gxf5 gxf5 40. Bd2
Kd6 41. e4 fxe4+ 42. Kxe4 Ra7 43. Bf4+ Kc6 44. Be5 Rd7 45. f4 Rd1 46. h6 Rh1
47. Bg7 Rh4 48. Kf3 Kd5 49. Rc1 Bc7 50. Rd1+ Kc6 0-1

[Event "I Torneo Chiuso"]
[Site "Maranello ITA"]
[Date "2013.06.18"]
[Round "2"]
[White "Le Ruyet, Leopold"]
[Black "Luciani, Valerio"]
[Result "1-0"]
[WhiteElo "2269"]
[BlackElo "2239"]
[PlyCount "53"]
[EventDate "2013.06.17"]

1. e4 e6 2. d4 d5 3. Nc3 Bb4 4. exd5 exd5 5. Bd3 Nc6 6. a3 Be7 7. Be3 Bf6 8.
Qh5 Nge7 9. Nge2 Be6 10. Nf4 Qd7 11. Nxe6 Qxe6 12. O-O-O g6 13. Qf3 Bg7 14.
Rhe1 Qd7 15. Bg5 O-O 16. Bb5 f6 17. Bf4 Rad8 18. Na4 Rf7 19. Nc5 Qc8 20. Ne6
Rd7 21. g4 a6 22. Ba4 b5 23. Bb3 Na5 24. Nc5 Rd8 25. Re6 Nb7 26. Rxe7 Nxc5 27.
Bxd5 1-0

[Event "I Torneo Chiuso"]
[Site "Maranello ITA"]
[Date "2013.06.18"]
[Round "2"]
[White "Di Paolo, Raffaele"]
[Black "Viviani, Alessio"]
[Result "1-0"]
[WhiteElo "2289"]
[BlackElo "2114"]
[PlyCount "97"]
[EventDate "2013.06.17"]

1. e4 c5 2. Nf3 d6 3. c3 Nf6 4. Be2 g6 5. O-O Bg7 6. Re1 O-O 7. Bf1 Nc6 8. h3
a6 9. d4 Nd7 10. d5 Na5 11. Bf4 b5 12. Qc1 Re8 13. Bh6 Bh8 14. Nbd2 Nb6 15. Nb3
Nxb3 16. axb3 Bd7 17. Qf4 Bg7 18. h4 f6 19. Nh2 a5 20. Re3 Rf8 21. Rg3 Rf7 22.
Be2 Bxh6 23. Qxh6 Qf8 24. Qd2 b4 25. Ng4 Kh8 26. Nh6 Rg7 27. f4 Qb8 28. cxb4
axb4 29. Rf1 Ra2 30. Kh2 Qc7 31. h5 c4 32. bxc4 Na4 33. Rb3 Nc5 34. Rxb4 Nxe4
35. Qd4 Nc5 36. Bg4 Bxg4 37. Nxg4 gxh5 38. Nh6 Rg6 39. Nf5 Qd7 40. Rb8+ Rg8 41.
Rxg8+ Kxg8 42. Ne3 Qb7 43. Qd1 Qb3 44. Qxh5 Qxe3 45. Rf3 Qe4 46. Qe8+ Kg7 47.
Rg3+ Kh6 48. Qf8+ Kh5 49. Qg7 1-0

[Event "I Torneo Chiuso"]
[Site "Maranello ITA"]
[Date "2013.06.18"]
[Round "2"]
[White "Vijayalakshmi, Subbaraman"]
[Black "Sriram, Jha"]
[Result "1/2-1/2"]
[WhiteElo "2378"]
[BlackElo "2417"]
[PlyCount "32"]
[EventDate "2013.06.17"]

1. d4 d5 2. Nf3 Nf6 3. c4 c6 4. Nc3 dxc4 5. a4 Bf5 6. Ne5 e6 7. f3 Bb4 8. e4
Bxe4 9. fxe4 Nxe4 10. Qf3 Qxd4 11. Qxf7+ Kd8 12. Bg5+ Nxg5 13. Qxg7 Bxc3+ 14.
bxc3 Qxc3+ 15. Ke2 Qc2+ 16. Ke1 Qc3+ 1/2-1/2

[Event "I Torneo Chiuso"]
[Site "Maranello ITA"]
[Date "2013.06.18"]
[Round "2"]
[White "Lettieri, Giuseppe"]
[Black "Petkov, Vladimir"]
[Result "1/2-1/2"]
[WhiteElo "2393"]
[BlackElo "2545"]
[PlyCount "155"]
[EventDate "2013.06.17"]

1. e4 c5 2. Nf3 d6 3. d4 cxd4 4. Nxd4 Nf6 5. Nc3 a6 6. Be2 g6 7. g4 Bg7 8. g5
Nfd7 9. Be3 b5 10. a4 bxa4 11. Rxa4 O-O 12. h4 Nc5 13. Ra3 Bb7 14. f3 Nc6 15.
Nxc6 Bxc6 16. b4 Ne6 17. Nd5 Nc7 18. c4 Bxd5 19. exd5 e6 20. dxe6 Nxe6 21. Qd2
Re8 22. h5 Qe7 23. Kf2 Qc7 24. Qd5 Be5 25. Rh4 Qe7 26. hxg6 hxg6 27. Qd2 Ng7
28. Bd3 Qe6 29. f4 Nf5 30. Bxf5 Qxf5 31. Qd3 Bg7 32. Qxf5 gxf5 33. Ra5 Rac8 34.
c5 dxc5 35. Rxc5 Rb8 36. Rc4 a5 37. Bd2 a4 38. Rh3 Ra8 39. Ra3 Bb2 40. Ra2 a3
41. Rc2 Rab8 42. Rcxb2 axb2 43. Rxb2 Rb5 44. Rc2 Rd5 45. Rb2 Re6 46. Be3 Rd3
47. Bd2 Rb6 48. Ke2 Rd5 49. Rc2 Kf8 50. Be3 Re6 51. Rb2 Rb5 52. Kd3 Re4 53.
Bc5+ Kg7 54. Bd4+ Kg6 55. Be5 Rbxb4 56. Rh2 Rxf4 57. Bxf4 Rxf4 58. Ke3 Rf1 59.
Rg2 f4+ 60. Ke4 f3 61. Rh2 Kxg5 62. Rh7 Ra1 63. Kxf3 Ra3+ 64. Kf2 f5 65. Rb7
Kg4 66. Rb2 f4 67. Kg2 Rg3+ 68. Kf2 Rh3 69. Kg2 f3+ 70. Kg1 Kg3 71. Rb3 Rh7 72.
Rb2 Rh3 73. Rg2+ Kf4 74. Ra2 Rg3+ 75. Kf1 Rh3 76. Kg1 Rh8 77. Ra7 Re8 78. Kf1
1/2-1/2

[Event "I Torneo Chiuso"]
[Site "Maranello ITA"]
[Date "2013.06.18"]
[Round "2"]
[White "Istvanovszki, Martin"]
[Black "Sochacki, Wojtek"]
[Result "1/2-1/2"]
[WhiteElo "2350"]
[BlackElo "2286"]
[PlyCount "49"]
[EventDate "2013.06.17"]

1. d4 d5 2. Nc3 e6 3. e4 Nf6 4. Bg5 Be7 5. e5 Nfd7 6. h4 Nc6 7. Qd2 h6 8. Bxe7
Qxe7 9. Nf3 Nb6 10. Bd3 Bd7 11. O-O-O O-O-O 12. Rh3 f6 13. Re1 f5 14. h5 Be8
15. Ne2 Nb4 16. c3 Nxd3+ 17. Qxd3 Nc4 18. Nf4 Kb8 19. Kb1 Rc8 20. b3 Nb6 21.
Rg1 Nd7 22. g4 fxg4 23. Rxg4 Nf8 24. Rhg3 Rg8 25. Qd1 1/2-1/2

[Event "I Torneo Chiuso"]
[Site "Maranello ITA"]
[Date "2013.06.19"]
[Round "3"]
[White "Sochacki, Wojtek"]
[Black "Le Ruyet, Leopold"]
[Result "1/2-1/2"]
[WhiteElo "2286"]
[BlackElo "2269"]
[PlyCount "35"]
[EventDate "2013.06.17"]

1. d4 d6 2. c4 e5 3. dxe5 dxe5 4. Qxd8+ Kxd8 5. Nc3 Be6 6. b3 c6 7. Bb2 Kc7 8.
O-O-O Nd7 9. g3 Bc5 10. e3 Ngf6 11. Bg2 Rad8 12. h3 Nb6 13. Nge2 a5 14. g4 h6
15. Rxd8 Rxd8 16. Rd1 Rxd1+ 17. Kxd1 a4 18. Kc2 1/2-1/2

[Event "I Torneo Chiuso"]
[Site "Maranello ITA"]
[Date "2013.06.19"]
[Round "3"]
[White "Petkov, Vladimir"]
[Black "Istvanovszki, Martin"]
[Result "1/2-1/2"]
[WhiteElo "2545"]
[BlackElo "2350"]
[PlyCount "43"]
[EventDate "2013.06.17"]

1. d4 Nf6 2. c4 c5 3. d5 b5 4. cxb5 a6 5. e3 g6 6. Nc3 Bg7 7. a4 O-O 8. Ra3 Bb7
9. Nh3 d6 10. Nf4 Nbd7 11. Be2 axb5 12. Bxb5 Ne8 13. O-O Nc7 14. e4 Nxb5 15.
Nxb5 Ba6 16. Rh3 Rb8 17. Qg4 Nf6 18. Qh4 Bxb5 19. axb5 Qd7 20. f3 Qxb5 21. g4
h6 22. Qe1 1/2-1/2

[Event "I Torneo Chiuso"]
[Site "Maranello ITA"]
[Date "2013.06.19"]
[Round "3"]
[White "Sriram, Jha"]
[Black "Lettieri, Giuseppe"]
[Result "1/2-1/2"]
[WhiteElo "2417"]
[BlackElo "2393"]
[PlyCount "37"]
[EventDate "2013.06.17"]

1. d4 Nf6 2. g3 d5 3. Bg2 e6 4. Nf3 Be7 5. c4 O-O 6. O-O dxc4 7. Qc2 a6 8. a4
Bd7 9. Qxc4 Bc6 10. Bg5 Bd5 11. Qd3 c5 12. Nc3 Bc6 13. Rfd1 Qa5 14. e4 cxd4 15.
Bxf6 Bxf6 16. Nxd4 Qb4 17. Qe3 Bxd4 18. Qxd4 a5 19. Nb5 1/2-1/2